GTA V - Radio Mirror Park - Song List - Statistics

General Stats
  • This quiz has been taken 8 times
  • The average score is 25 of 40
Answer Stats
Artist Song % Correct
Yeasayer Don't Come Close
100%
Panama Always
80%
Neon Indian Change of Coast
80%
Battle Tapes Feel the Same
80%
HEALTH High Pressure Dave
80%
Jai Paul Jasmine
80%
Toro y Moi New Beat
80%
Yeasayer O.N.E
80%
Neon Indian Polish Girl
80%
Yacht Psychic City (Classixx Remix)
80%
The C90s Shine a Light (Flight Facilities Remix)
80%
The Chain Gang of 1974 Sleepwalking
80%
Miami Horror Sometimes
80%
Favored Nations The Set Up
80%
Black Strobe Boogie In Zero Gravity
60%
Age of Consent Colours
60%
Feathers Dark Matter
60%
Poolside Do You Believe
60%
Twin Shadow Forget
60%
Dan Croll From Nowhere (Baardsen Remix)
60%
Tony Castles Heart in the Pipes (KAUF Remix)
60%
Holy Ghost! Hold On
60%
The Ruby Suns In Real Life
60%
DoM Living in America
60%
Scenic Mesmerised
60%
Twin Shadow Old Love / New Love
60%
Twin Shadow Shooting Holes
60%
Toro y Moi So Many Details
60%
Mitzi Truly Alive
60%
KAUF When You're Out
60%
Little Dragon Crystalfilm
40%
Hot Chip Flutes
40%
Age of Consent Heartbreak
40%
Living Days Little White Lie
40%
DJ Mehdi Lucky Boy (Outlines Remix)
40%
Nite Jewel Nowhere to Go
40%
III One GIrl / One Boy
40%
Cut Copy Strangers In The Wind
40%
Niki and the Dove The Drummer
40%
SBTRKT Pharaohs
20%
No matching quizzes found
Score Distribution
Percent of People with Each Score
Percentile by Number Answered
Your Score History
You have not taken this quiz